Learn French number - Statistics

General Stats
  • This quiz has been taken 35 times
  • The average score is 54 of 70
Answer Stats
Hint Answer % Correct
5 Cinq
100%
1 Un
100%
2 Deux
97%
10 Dix
97%
6 Six
97%
0 Zéro
97%
8 Huit
94%
9 Neuf
94%
4 Quatre
94%
7 Sept
94%
3 Trois
94%
18 Dix-huit
89%
19 Dix-neuf
89%
17 Dix-sept
89%
12 Douze
89%
11 Onze
89%
13 Treize
89%
20 Vingt
89%
14 Quatorze
86%
16 Seize
86%
15 Quinze
83%
60 Soixante
83%
50 Cinquante
80%
70 Soixante-dix
80%
30 Trente
80%
22 Vingt-deux
80%
21 Vingt-et-un
80%
24 Vingt-quatre
80%
100 Cent
77%
900 Neuf cent
77%
40 Quarante
77%
80 Quatre-vingt
77%
23 Vingt-trois
77%
500 Cinq cent
74%
400 Quatre cent
74%
90 Quatre-vingt-dix
74%
91 Quatre-vingt-onze
74%
78 Soixante-dix-huit
74%
72 Soixante-douze
74%
25 Vingt-cinq
74%
28 Vingt-huit
74%
29 Vingt-neuf
74%
27 Vingt-sept
74%
26 Vingt-six
74%
200 Deux cent
71%
800 Huit cent
71%
98 Quatre-vingt-dix-huit
71%
99 Quatre-vingt-dix-neuf
71%
97 Quatre-vingt-dix-sept
71%
92 Quatre-vingt-douze
71%
94 Quatre-vingt-quatorze
71%
95 Quatre-vingt-quinze
71%
96 Quatre-vingt-seize
71%
93 Quatre-vingt-treize
71%
700 Sept cent
71%
600 Six cent
71%
79 Soixante-dix-neuf
71%
77 Soixante-dix-sept
71%
71 Soixante-et-onze
71%
74 Soixante-quatorze
71%
75 Soixante-quinze
71%
76 Soixante-seize
71%
73 Soixante-treize
71%
300 Trois cent
71%
1000000 Un million
71%
100000 Cent milles
69%
10000 Dix milles
69%
1000 Milles
69%
2024 Deux-miles-vingt-quatre
11%
2023 Deux-miles-vingt-trois
11%
No matching quizzes found
Score Distribution
Percent of People with Each Score
Percentile by Number Answered
Your Score History
You have not taken this quiz